000 00785naa a22002297u 4500
001 17342
003 HDC
007 cr bn ---aaaaa
008 210223t201104 xx 000 0 eng
040 _aHDC
245 0 _aPERBANKAN ISLAM PENTINGKAN PRINSIP SYARIAH
260 _a[No place] :
_b[publisher not identified],
_c[no year]
336 _atext
_2rdacontent
337 _acomputer
_2rdamedia
338 _aonline resource
_2rdacarrier
650 _aBanks and banking
_xReligious aspects
_xIslam
_9262
650 _aFinance (Islamic law)
_9439
856 _zRequest full-text at [email protected]
942 _2lcc
942 _cEIJ
942 _kEMAG 000607
999 _c14658
_d14658